(KHMER) Atomic habits / (Record no. 49682)
| 000 -LEADER | |
|---|---|
| fixed length control field | 00397nam a2200133 4500 |
| 020 ## - INTERNATIONAL STANDARD BOOK NUMBER | |
| International Standard Book Number | 9789924569169 |
| 041 ## - LANGUAGE CODE | |
| Language code of text/sound track or separate title | Khmer. |
| Language code of original and/or intermediate translations of text | English. |
| 100 ## - MAIN ENTRY--PERSONAL NAME | |
| Personal name | Clear, James. |
| 9 (RLIN) | 83122 |
| 245 ## - TITLE STATEMENT | |
| Title | (KHMER) Atomic habits / |
| Statement of responsibility, etc | James Clear. Translated from Khmer by Dao Nida. |
| 260 ## - PUBLICATION, DISTRIBUTION, ETC. (IMPRINT) | |
| Place of publication, distribution, etc | Phnom Penh: |
| Name of publisher, distributor, etc | EDU; |
| Date of publication, distribution, etc | 2025. |
| 300 ## - PHYSICAL DESCRIPTION | |
| Extent | 401 p. |
| Dimensions | 21 cm. |
| 700 ## - ADDED ENTRY--PERSONAL NAME | |
| Relator code | Translator. |
| Personal name | Dao Nida. |
| 9 (RLIN) | 86801 |
| 942 ## - ADDED ENTRY ELEMENTS (KOHA) | |
| Source of classification or shelving scheme | |
| Koha item type | Khmer NON FIC Books |
| Withdrawn status | Lost status | Source of classification or shelving scheme | Damaged status | Not for loan | Collection code | Home library | Current library | Shelving location | Date acquired | Full call number | Barcode | Date last seen | Price effective from | Koha item type | Total Checkouts | Date checked out |
|---|---|---|---|---|---|---|---|---|---|---|---|---|---|---|---|---|
| Siem Riep | Asian Hope Secondary Library | Asian Hope Secondary Library | 10/28/2025 | KHMER 155.24 CLE | 208797 | 01/16/2026 | 10/28/2025 | Khmer NON FIC Books | ||||||||
| Siem Riep | Asian Hope Secondary Library | Asian Hope Secondary Library | 11/11/2025 | KHMER 155.24 CLE | 208804 | 04/07/2026 | 11/11/2025 | Khmer NON FIC Books | 3 | 03/31/2026 |